ბათუმის შოთა რუსთაველის სახელმწიფო უნივერსიტეტის ბიბლიოთეკა

ცხოვრების მიზანი (ბიბ.ჩანაწერი № 49779)

000 -LEADER
fixed length control field 00811nam a2200217Ia 4500
001 - CONTROL NUMBER
control field 16714
003 - CONTROL NUMBER IDENTIFIER
control field GE_BSU
008 - FIXED-LENGTH DATA ELEMENTS--GENERAL INFORMATION
fixed length control field 181216s||||||||xx |||||||||||||| ||und||
040 ## - CATALOGING SOURCE
Transcribing agency GE_BSU
100 ## - MAIN ENTRY--PERSONAL NAME
Personal name იაკოვლევი, ალექსანდრე
245 ## - TITLE STATEMENT
Title ცხოვრების მიზანი
245 ## - TITLE STATEMENT
Remainder of title ავიაკონსტრუქტორის ჩანაწერები
245 ## - TITLE STATEMENT
Statement of responsibility, etc. თარგმნა გ. მერკვილაძემ ; რედ.: დ. მჭედლიშვილი
250 ## - EDITION STATEMENT
Edition statement მე-2 შევს. გამოც
260 ## - PUBLICATION, DISTRIBUTION, ETC.
Place of publication, distribution, etc. თბილისი
260 ## - PUBLICATION, DISTRIBUTION, ETC.
Name of publisher, distributor, etc. ნაკადული
260 ## - PUBLICATION, DISTRIBUTION, ETC.
Date of publication, distribution, etc. 1969
300 ## - PHYSICAL DESCRIPTION
Extent 782გვ. ; 20სმ
653 ## - INDEX TERM--UNCONTROLLED
Uncontrolled term ცხოვრების მიზანი
942 ## - ADDED ENTRY ELEMENTS (KOHA)
Koha item type წიგნი
ეგზემპლარები
Withdrawn status Lost status Damaged status Not for loan Date acquired Barcode Date last seen Price effective from Koha item type
        2018-12-17 21284 2018-12-17 2018-12-17 წიგნი
        2018-12-17 21285 2018-12-17 2018-12-17 წიგნი
        2018-12-17 21286 2018-12-17 2018-12-17 წიგნი